| 000 | 01351nam1a22002891i 4500 | ||
|---|---|---|---|
| 001 | v19\rc\1447116 | ||
| 005 | 20260607065413.0 | ||
| 035 | _a(NLR Aleph) 005225835 | ||
| 090 |
_a5553274 _c5553274 |
||
| 100 | _a20060620g18731875|||y0rusy50 ca | ||
| 101 | 0 | _arus | |
| 102 | _aRU | ||
| 105 | _ay z ||||| | ||
| 200 | 1 |
_aСущность мирового процесса или Философия бессознательного _eВ 3 вып. Вып. 1-2 _f[Соч.] Д-ра философии Эдуарда фон Гартмана _gПо 2 нем. изд. полн. излож. с присоединением предисл., введ. и крит. оценки системы А.А. Козлова |
|
| 210 |
_aМосква _cтип. Грачева и К° _d1873-1875 |
||
| 215 |
_a2 т. _d20 |
||
| 517 | 0 | _aФилософия бессознательного | |
| 700 | 1 |
_aГартман _bЭ. _f1842-1906 _gЭдуард |
|
| 702 | 1 |
_4080 _4212 _8rus _7ca _aКозлов _bА. А. _cфилософ _f1831-1901 _gАлексей Александрович _3RU\NLR\AUTH\7713646 _9123330 |
|
| 801 | 2 |
_aRU _bNLR _c20080520 _2rusmarc |
|
| 801 | 0 |
_aRU _bNLR _c20060620 _gpsbo |
|
| 801 | 0 |
_aRU _bRuMoRGB _c20060620 _2psbo |
|
| 801 | 1 |
_aRU _bProSoft-M _c20060620 _2rusmarc |
|
| 852 |
_aNLR _j18.7.8.3 |
||
| 852 |
_aNLR _j130/3404 |
||
| 852 |
_aNLR _bМф _jК1/6328 |
||
| 942 | _cBOOK | ||